| 000 | 00541 a2200205 4500 | ||
|---|---|---|---|
| 005 | 20260310123600.0 | ||
| 008 | 260310b |||||||| |||| 00| 0 eng d | ||
| 020 |
_a9789373025353 _cRs. 695.00 |
||
| 040 | _aMAIN | ||
| 082 |
_a539.7 _bL139W(2) |
||
| 100 | _a Lahiri, Jyotirmay | ||
| 245 | _aWhites introduction to atomic spectra | ||
| 250 | _a2nd | ||
| 260 |
_bMedTech Science Press _c2026 _aNew Delhi |
||
| 300 | _ax, 457 | ||
| 650 | _aPhysics | ||
| 650 | _aModerm Physics | ||
| 650 | _aAtomic and Molecular Physics | ||
| 942 | _cBK | ||
| 999 |
_c396415 _d396415 |
||